| 000 | 00712nam a2200217Ii 4500 | ||
|---|---|---|---|
| 003 | JO-AjNU | ||
| 008 | 230606s9999||||xx |||||||||||||| ||und|| | ||
| 020 | _a978-0-19-471-558-4 | ||
| 040 |
_aJO-AjNU _beng _erda _cJO-AjNU |
||
| 041 | _aeng | ||
| 050 | 1 | 4 | _aPE1128 2010 |
| 100 | 3 |
_aتأليف Harrison,Richard; محرر Liz and Jojn Soars, _eauthor _93466 |
|
| 245 | 0 | 0 | _aNew Headway:Academic Skills Reading,Writing,and Study Skills |
| 250 | _a1 ed | ||
| 264 | 3 | 1 | _aNew York:Cambridge University Press,2011 |
| 300 | _a71p | ||
| 336 |
_atext _btxt _2rdacontent |
||
| 337 |
_aunmediated _bn _2rdamedia |
||
| 338 |
_avolume _bnc _2rdacarrier |
||
| 650 | 4 |
_aAcademic Skills Reading-Writing-and Study Skills _93467 |
|
| 999 |
_aE1809 _c1809 _d1809 |
||